header

Tajikistan's winter energy crisis (Record no. 35329)

MARC details
000 -LEADER
fixed length control field 01434nam a2200373 a 4500
082 04 - DEWEY DECIMAL CLASSIFICATION NUMBER
Classification number 333.793/211
245 00 - TITLE STATEMENT
Title Tajikistan's winter energy crisis
260 ## - PUBLICATION, DISTRIBUTION, ETC. (IMPRINT)
Place of publication Washington D.C. :
Name of publisher World Bank,
Year of publication 2013.
300 ## - PHYSICAL DESCRIPTION
Number of Pages xviii, 93 p. :
Other physical details ill.
490 1# - SERIES STATEMENT
Series statement A World Bank study
650 #0 - SUBJECT ADDED ENTRY--TOPICAL TERM
Topical Term Electric utilities
Topical Term Electric power consumption
Topical Term Energy policy
Topical Term Renewable energy sources
700 1# - ADDED ENTRY--PERSONAL NAME
Personal name Fields, Daryl.
856 40 - ELECTRONIC LOCATION AND ACCESS
Uniform Resource Identifier http://site.ebrary.com/lib/rucke/Doc?id=10740788

No items available.

© 2026 Rongo University
Contact us: librarian | system librarian | Rongo university